000 00484nam a2200097Ia 4500
008 170517s9999 xx 000 0 und d
245 _aSpent: Looking for Change
300 _aWe all want to get the most out of life. A great family, an education, a business, a home... but for a growing number of Americans, the price of getting ahead is higher because of a financial system that...
650 _xBusiness and Economics.
856 _uhttp://topdocumentaryfilms.com/spent-looking-change/
999 _c333297
_d333297